Vyhláška Ministerstva hospodárstva Slovenskej republiky č. 15/1999 Z.z. z 20. januára 1999, ...

Znenie vyhlášky MH SR č. 15/1999 Z.z. z 20. januára 1999, ktorou sa ustanovujú podrobnosti o spôsobe merania dodávok tepla, spôsob výpočtu škody vzniknutej dodávateľovi tepla neoprávneným odberom tepla a technické požiadavky na zabezpečenie hospodárnosti prevádzky sústavy tepelných zariadení, dodávo...

ver descrição completa

Na minha lista:
Detalhes bibliográficos
Formato: Capítulo de Livro
Idioma:eslovaco
Assuntos:
Tags: Adicionar Tag
Sem tags, seja o primeiro a adicionar uma tag!

MARC

LEADER 00000naa a2200000 4500
001 r034697
005 20230926080812.0
041 0 |a slo 
044 |a SK 
245 1 0 |a Vyhláška Ministerstva hospodárstva Slovenskej republiky č. 15/1999 Z.z. z 20. januára 1999, ... 
520 |a Znenie vyhlášky MH SR č. 15/1999 Z.z. z 20. januára 1999, ktorou sa ustanovujú podrobnosti o spôsobe merania dodávok tepla, spôsob výpočtu škody vzniknutej dodávateľovi tepla neoprávneným odberom tepla a technické požiadavky na zabezpečenie hospodárnosti prevádzky sústavy tepelných zariadení, dodávok tepla na vykurovanie a na prípravu teplej a úžitkovej vody. Príloha k vyhláške: Vnútorné teploty vykurovaných priestorov. 
610 2 0 |a teplo 
610 2 0 |a dodávatelia 
610 2 0 |a odberatelia 
610 2 0 |a vyhlášky 
610 2 0 |a MH SR Bratislava 
610 2 0 |a 1999